00513nmm a2200157Ia 4500008004100000020001800041041000800059100002100067245008400088264006000172300001800232650003000250856005100280942000700331999001700338251105s9999||||xx |||||||||||||||||und|| a9789585590168 aspa aMesa, Juan David 0aEn la lucha :b Posturas de la reintegración laboral en una fábrica de Cali a[Bogotá, Colombia] :bUniversidad del Rosario, c2020 a130 páginas aSocial Sciences (General) uhttps://public.digitaliapublishing.com/a/80611 cCF c95171d95171